Visualizzazione normale
Vista MARC
- Rossi Carlo Alberto (Cicero)
di Personal Name
Records bibliografici associati: 1
001 - CONTROL NUMBER
- control field: 17712
003 - CONTROL NUMBER IDENTIFIER
- control field: IT-RoPau
005 - DATE AND TIME OF LATEST TRANSACTION
- control field: 20140329215415.0
008 - FIXED-LENGTH DATA ELEMENTS
- fixed length control field: 140329|| aca||aabn | a|a d
040 ## - CATALOGING SOURCE
- Original cataloging agency: IT-RoPau
- Transcribing agency: IT-RoPau
100 ## - HEADING--PERSONAL NAME
- Personal name: Rossi Carlo Alberto (Cicero)
- Miscellaneous information: Codice autore musica SPICS: 13130
- Relator term: Autore musica
- Name of part/section of a work: Quando vien la sera
670 ## - SOURCE DATA FOUND
- Source citation: Work cat.: (IT-RoPau)100069: AA.VV. 794, Renzo Arbore presenta New Pathetic "Elastic" orchestra in "Quelli della notte"